Estimates of state income; 1950-51, 1955-56 and 1960-61 at 1960-61 prices. (Record no. 77608)

MARC details
000 -LEADER
fixed length control field 00685cam a22002411 4500
001 - CONTROL NUMBER
control field sa 68000985
003 - CONTROL NUMBER IDENTIFIER
control field DLC
005 - DATE AND TIME OF LATEST TRANSACTION
control field 20260227112429.0
008 - FIXED-LENGTH DATA ELEMENTS--GENERAL INFORMATION
fixed length control field 711108s1967 ii b 000 0 eng
010 ## - LIBRARY OF CONGRESS CONTROL NUMBER
LC control number sa 68000985 //r92
025 ## - OVERSEAS ACQUISITION NUMBER
Overseas acquisition number PL480:I-E-8749
040 ## - CATALOGING SOURCE
Original cataloging agency DLC
Transcribing agency DLC
Modifying agency DLC
043 ## - GEOGRAPHIC AREA CODE
Geographic area code a-ii---
050 00 - LIBRARY OF CONGRESS CALL NUMBER
Classification number HC440.I5
Item number N28
082 00 - DEWEY DECIMAL CLASSIFICATION NUMBER
Classification number 339.354
Edition number 20
110 20 - MAIN ENTRY--CORPORATE NAME
Corporate name or jurisdiction name as entry element National Council of Applied Economic Research.
245 10 - TITLE STATEMENT
Title Estimates of state income; 1950-51, 1955-56 and 1960-61 at 1960-61 prices.
260 1# - PUBLICATION, DISTRIBUTION, ETC.
Place of publication, distribution, etc. New Delhi
Date of publication, distribution, etc. [1967]
300 ## - PHYSICAL DESCRIPTION
Extent x, 71 p.
Dimensions 23 cm.
350 ## - PRICE (NR) (BK AM CF MU VM SE) [OBSOLETE]
Price Rs9
-- $1.50
504 ## - BIBLIOGRAPHY, ETC. NOTE
Bibliography, etc. note Bibliographical footnotes.
650 #0 - SUBJECT ADDED ENTRY--TOPICAL TERM
Topical term or geographic name entry element Income
Geographic subdivision India
General subdivision States.

No items available.

Powered by Koha